[Event "Coupe 2000"]
[Site "?"]
[Date "2012.02.12"]
[Round "2.13"]
[White "Hurlot, Rodolphe"]
[Black "Strand, Hakan"]
[Result "0-1"]
[WhiteElo "1732"]
[BlackElo "1499"]
[Annotator "Rivier,Sylvain"]
[PlyCount "84"]
[EventDate "2012.02.12"]
[SourceDate "2012.02.12"]

{Défense Caro-Kann, variante d'échange} 1. e4 c6 2. d4 d5 3. exd5 cxd5 4. Nf3
Bg4 5. Bb5+ Nd7 6. O-O a6 7. Be2 e6 8. Bf4 Ne7 9. c3 Qb6 10. Qd2 Ng6 11. Bg3
Bd6 12. Na3 Nf6 13. c4 Ne4 14. Qc2 Nxg3 15. c5 Nxe2+ 16. Qxe2 Bxc5 17. dxc5
Qxc5 18. Rac1 Qd6 19. Qd3 Nf4 20. Qe3 Bxf3 21. Qxf3 O-O 22. Rfd1 Rac8 23. Nc4
Qb8 24. Nb6 Rxc1 25. Rxc1 Qd6 26. Na4 b6 27. g3 Ng6 28. Qe3 Rb8 29. h4 Ne7 30.
Qd3 b5 31. Nc3 Rc8 32. Rd1 Qe5 33. Qd2 Nf5 34. Re1 Qd4 35. Qe2 Nxg3 36. Qf3 Nf5
37. h5 Rc4 38. Qxf5 Qd2 39. Qe5 Rg4+ 40. Kf1 Qd3+ 41. Re2 Qh3+ 42. Ke1 Rg1+ {
suite non notée} 0-1

[Event "Coupe 2000"]
[Site "?"]
[Date "2012.02.12"]
[Round "2.14"]
[White "Gurney, Samuel"]
[Black "Couradin, Jean Marie"]
[Result "0-1"]
[WhiteElo "1499"]
[BlackElo "1669"]
[Annotator "Rivier,Sylvain"]
[PlyCount "61"]
[EventDate "2012.02.12"]
[SourceDate "2012.02.12"]

{Ouverture anglaise, variante symétrique} 1. d4 Nf6 2. c4 e6 3. Bg5 c5 4. Nf3
cxd4 5. Nxd4 Nc6 6. Nc3 Bb4 7. Qb3 Nxd4 8. Qd1 Nc6 9. Rc1 h6 10. Bf4 O-O 11.
Bd6 Bxc3+ 12. Rxc3 Re8 13. e3 Ne4 14. Rd3 Nxd6 15. Rxd6 Qa5+ 16. Qd2 Qxa2 17.
Rd3 b6 18. Qc1 Qa5+ 19. Qd2 Qxd2+ 20. Rxd2 Ba6 21. Rxd7 Red8 22. Rc7 Rac8 23.
Rxc8 Rxc8 24. Be2 Na5 25. O-O Nb3 26. Rd1 Bxc4 27. Bxc4 Rxc4 28. g3 Rc1 29.
Rxc1 Nxc1 30. Kf1 a5 31. b4 0-1

[Event "Coupe 2000"]
[Site "?"]
[Date "2012.02.12"]
[Round "3.1"]
[White "Konopka, Jeremiasz"]
[Black "Maufras, Jerome"]
[Result "0-1"]
[WhiteElo "1957"]
[BlackElo "1962"]
[Annotator "Rivier,Sylvain"]
[PlyCount "66"]
[EventDate "2012.02.12"]
[SourceDate "2012.02.12"]

{Défense sicilienne, fianchetto accéléré} 1. e4 c5 2. Nf3 Nc6 3. d4 cxd4 4.
Nxd4 g6 5. Be2 Bg7 6. Be3 Nf6 7. Nc3 O-O 8. Nxc6 bxc6 9. e5 Ne8 10. f4 Rb8 11.
Rb1 Qa5 12. O-O d6 13. exd6 Nxd6 14. Bd4 Rd8 15. Bxg7 Nf5 16. Qe1 Kxg7 17. Bd3
Ba6 18. Bxa6 Qxa6 19. Qf2 Qb6 20. Qxb6 Rxb6 21. Rbd1 Rdb8 22. Rd7 Rxb2 23. Rc1
R8b7 24. Rxb7 Rxb7 25. Kf2 Rb4 26. g3 Rc4 27. Ne2 Ra4 28. Rd1 Rxa2 29. Rd7 Rxc2
30. g4 Nd6 31. Rxe7 Nb5 32. Kf3 a5 33. g5 a4 0-1

[Event "Coupe 2000"]
[Site "?"]
[Date "2012.02.12"]
[Round "3.2"]
[White "Girault, Christian"]
[Black "Delpech, Olivier"]
[Result "1-0"]
[WhiteElo "1937"]
[BlackElo "1714"]
[Annotator "Rivier,Sylvain"]
[PlyCount "45"]
[EventDate "2012.02.12"]
[SourceDate "2012.02.12"]

{Ouverture irrégulière} 1. b4 f5 2. Bb2 Nf6 3. Nf3 d6 4. e3 e5 5. Be2 Be6 6.
O-O Nbd7 7. Ng5 Qe7 8. Nxe6 Qxe6 9. c4 Be7 10. Nc3 c6 11. d4 d5 12. Qb3 e4 13.
b5 O-O 14. Rac1 Rfc8 15. cxd5 cxd5 16. Ba3 Bxa3 17. Qxa3 Nb6 18. Qb4 Nc4 19.
Nxd5 Qxd5 20. Bxc4 Rxc4 21. Rxc4 a5 22. Qb3 Nd7 23. Rc8+ 1-0

[Event "Coupe 2000"]
[Site "?"]
[Date "2012.02.12"]
[Round "3.3"]
[White "Kurz, Rainer"]
[Black "Forissier, Nicolas"]
[Result "0-1"]
[WhiteElo "1499"]
[BlackElo "1982"]
[Annotator "Rivier,Sylvain"]
[PlyCount "46"]
[EventDate "2012.02.12"]
[SourceDate "2012.02.12"]

{Ouverture anglaise, défense anglo-Grünfeld} 1. c4 Nf6 2. Nc3 g6 3. b3 Bg7 4.
Bb2 O-O 5. Rb1 c5 6. e4 Nc6 7. f4 d6 8. Nf3 Re8 9. Be2 e5 10. fxe5 Nxe5 11. O-O
Bd7 12. h3 a6 13. d3 b5 14. Bc1 Qa5 15. Bd2 b4 16. Nd5 Nxd5 17. cxd5 Qxa2 18.
Ra1 Nxf3+ 19. Rxf3 Qxa1 20. Bc1 a5 21. Qf1 Rf8 22. Kh2 a4 23. bxa4 b3 0-1

[Event "Coupe 2000"]
[Site "?"]
[Date "2012.02.12"]
[Round "3.4"]
[White "Tornare, Michel"]
[Black "Barthomier, Gilles"]
[Result "0-1"]
[WhiteElo "1871"]
[BlackElo "1860"]
[Annotator "Rivier,Sylvain"]
[PlyCount "99"]
[EventDate "2012.02.12"]
[SourceDate "2012.02.12"]

{Défense française} 1. e4 e6 2. d3 d5 3. Nd2 d4 4. f4 c5 5. Ngf3 Nc6 6. g3 Nf6
7. h3 b5 8. a4 b4 9. Bg2 Bb7 10. O-O Be7 11. Nc4 O-O 12. b3 a5 13. g4 Ba6 14.
Nh2 Bxc4 15. bxc4 Ra6 16. e5 Ne8 17. g5 g6 18. h4 Ng7 19. Ng4 Nf5 20. h5 Ng3
21. hxg6 hxg6 22. Rf3 Nf5 23. Rh3 Kg7 24. Nf6 Rh8 25. Qg4 Rxh3 26. Qxh3 Qh8 27.
Qxh8+ Kxh8 28. Bd2 Bxf6 29. gxf6 Rb6 30. Kf2 Nb8 31. Rb1 Nd7 32. Ke2 Nf8 33.
Be4 Ng3+ 34. Kf3 Nxe4 35. Kxe4 Rb8 36. Be1 Nh7 37. Bf2 Rc8 38. Rh1 Kg8 39. Bh4
Rb8 40. Rb1 Rc8 41. Rg1 Kh8 42. Rh1 Kg8 43. Bf2 Rb8 44. Bxd4 cxd4 45. Kxd4 Nf8
46. c5 Rc8 47. Kc4 Nd7 48. d4 Rb8 49. Rd1 Kf8 50. d5 {suite non notée} 0-1

[Event "Coupe 2000"]
[Site "?"]
[Date "2012.02.12"]
[Round "3.5"]
[White "Galtier, Antoine"]
[Black "Leclerc, Arnaud"]
[Result "1/2-1/2"]
[WhiteElo "1799"]
[BlackElo "1910"]
[Annotator "Rivier,Sylvain"]
[PlyCount "84"]
[EventDate "2012.02.12"]
[SourceDate "2012.02.12"]

{Défense hollandaise} 1. d4 f5 2. Nf3 e6 3. c4 Nf6 4. Nc3 d5 5. e3 c6 6. a3 Bd6
7. Be2 O-O 8. O-O Ne4 9. Qc2 Nd7 10. b4 Rf6 11. Bb2 Rh6 12. g3 Qe8 13. Nxe4
fxe4 14. Ne5 Nf8 15. f3 Qh5 16. Rf2 exf3 17. Bxf3 Qg5 18. e4 dxe4 19. Bxe4 Rf6
20. Raf1 Qe3 21. Kg2 Rxf2+ 22. Rxf2 Bxe5 23. dxe5 Bd7 24. Qd3 Qxd3 25. Bxd3 Be8
26. Kf3 Rd8 27. Ke3 Bg6 28. Rd2 Rxd3+ 29. Rxd3 Bxd3 30. Kxd3 Nd7 31. Ke4 Kf7
32. Bc1 h6 33. Be3 a6 34. a4 b5 35. cxb5 cxb5 36. axb5 axb5 37. Kd4 Kg6 38. g4
h5 39. h3 hxg4 40. hxg4 Kf7 41. Ke4 Kg6 42. Kd4 Kf7 1/2-1/2

[Event "Coupe 2000"]
[Site "?"]
[Date "2012.02.12"]
[Round "3.6"]
[White "Mongey, Alain"]
[Black "Degremont, Patrick"]
[Result "0-1"]
[WhiteElo "1698"]
[BlackElo "1958"]
[Annotator "Rivier,Sylvain"]
[PlyCount "57"]
[EventDate "2012.02.12"]
[SourceDate "2012.02.12"]

{Gambit dame, défense Cambridge-Springs} 1. d4 e6 2. Nf3 d5 3. Bg5 Nf6 4. e3
Nbd7 5. c4 c6 6. Nc3 Qa5 7. a3 Ne4 8. Qc1 Nxg5 9. Nxg5 dxc4 10. Nf3 b5 11. Be2
Bb7 12. O-O Qb6 13. Nd2 c5 14. dxc5 Nxc5 15. a4 a6 16. axb5 axb5 17. Rxa8+ Bxa8
18. Qa1 Bc6 19. Bf3 Bxf3 20. Nxf3 Be7 21. Qa8+ Bd8 22. Nd4 O-O 23. Qc6 b4 24.
Qxb6 Bxb6 25. Ncb5 Nd3 26. Rb1 Bc5 27. Nc2 h6 28. Kf1 Ra8 29. Ne1 {suite non
notée} 0-1

[Event "Coupe 2000"]
[Site "?"]
[Date "2012.02.12"]
[Round "3.7"]
[White "Roux, Jean Luc"]
[Black "Wyler, Luc"]
[Result "1-0"]
[WhiteElo "1846"]
[BlackElo "1499"]
[Annotator "Rivier,Sylvain"]
[PlyCount "63"]
[EventDate "2012.02.12"]
[SourceDate "2012.02.12"]

{Partie espagnole, déviation au 4e coup} 1. e4 e5 2. Nf3 Nc6 3. Bb5 a6 4. Ba4
b5 5. Bb3 Bc5 6. c3 h6 7. O-O Nf6 8. d4 Bb6 9. dxe5 Ng8 10. Qe2 Na5 11. Bc2 Ne7
12. Bf4 O-O 13. Nbd2 Ng6 14. Bg3 f6 15. exf6 Rxf6 16. e5 Qe8 17. Rfe1 Nf4 18.
Qe4 Bb7 19. Qh7+ Kf7 20. exf6 Qg8 21. Qxg8+ Kxg8 22. Bxf4 Rf8 23. Be4 d5 24.
Bc2 Bc6 25. Be3 Bxe3 26. Rxe3 Rxf6 27. Rae1 g6 28. Nd4 Bd7 29. Re7 Bg4 30. h3
h5 31. Rxc7 g5 32. b4 1-0

[Event "Coupe 2000"]
[Site "?"]
[Date "2012.02.12"]
[Round "3.8"]
[White "Hurlot, Rodolphe"]
[Black "Spiette, Jean Michel"]
[Result "1-0"]
[WhiteElo "1732"]
[BlackElo "1836"]
[Annotator "Rivier,Sylvain"]
[PlyCount "57"]
[EventDate "2012.02.12"]
[SourceDate "2012.02.12"]

{Défense des deux cavaliers} 1. e4 e5 2. Nf3 Nc6 3. Bc4 Be7 4. Nc3 Nf6 5. O-O
O-O 6. d4 exd4 7. Nxd4 Ne5 8. Bb3 a6 9. f4 Nc6 10. e5 Bc5 11. exf6 Qxf6 12. Kh1
Nxd4 13. Ne4 Qb6 14. Nxc5 Qxc5 15. Be3 Qb5 16. Qxd4 d6 17. a4 Qd7 18. f5 Re8
19. Bd2 Kh8 20. Rae1 b5 21. Rxe8+ Qxe8 22. Re1 Qd7 23. Qd5 c6 24. Qxf7 Qxf7 25.
Bxf7 Bxf5 26. axb5 axb5 27. Re8+ Rxe8 28. Bxe8 Bxc2 29. Bxc6 1-0

[Event "Coupe 2000"]
[Site "?"]
[Date "2012.02.12"]
[Round "3.9"]
[White "Lagache, Yves"]
[Black "Tache, Benjamin"]
[Result "0-1"]
[WhiteElo "1683"]
[BlackElo "1960"]
[Annotator "Rivier,Sylvain"]
[PlyCount "48"]
[EventDate "2012.02.12"]
[SourceDate "2012.02.12"]

{Ouverture du pion dame} 1. d4 Nf6 2. Bg5 e6 3. e4 Be7 4. Bd3 Nc6 5. c3 h6 6.
Bh4 d5 7. e5 Nd7 8. Bxe7 Qxe7 9. f4 b6 10. Qg4 g6 11. Nf3 Bb7 12. Nh4 O-O-O 13.
Nd2 Rdg8 14. Nhf3 a6 15. O-O-O Na7 16. Kb1 c5 17. Rc1 c4 18. Bc2 b5 19. h4 b4
20. cxb4 Qxb4 21. Bb3 Kb8 22. Nxc4 dxc4 23. Rxc4 Qe7 24. Rb4 Qxb4 0-1

[Event "Coupe 2000"]
[Site "?"]
[Date "2012.02.12"]
[Round "3.10"]
[White "Roche, Guy"]
[Black "Couradin, Jean Marie"]
[Result "0-1"]
[WhiteElo "1499"]
[BlackElo "1669"]
[Annotator "Rivier,Sylvain"]
[PlyCount "30"]
[EventDate "2012.02.12"]
[SourceDate "2012.02.12"]

{Défense française, variante classique} 1. e4 e6 2. d4 d5 3. Nc3 Nf6 4. Bg5 Be7
5. Nf3 dxe4 6. Ne5 Nbd7 7. Bxf6 Nxf6 8. Ng4 O-O 9. Be2 b6 10. O-O Bb7 11. f3 e3
12. Bd3 Nxg4 13. Ne2 Nf2 14. Qc1 Bg5 15. f4 Qd5 0-1

[Event "Coupe 2000"]
[Site "?"]
[Date "2012.02.12"]
[Round "3.11"]
[White "Rousseau, Matthieu"]
[Black "Macard, Olivier"]
[Result "1-0"]
[WhiteElo "1750"]
[BlackElo "1499"]
[Annotator "Rivier,Sylvain"]
[PlyCount "85"]
[EventDate "2012.02.12"]
[SourceDate "2012.02.12"]

{Partie du pion dame} 1. d4 Nf6 2. Nc3 d5 3. Nf3 e6 4. a3 Be7 5. e3 b6 6. Bd3
Ba6 7. Bxa6 Nxa6 8. Qd3 Qc8 9. O-O O-O 10. e4 c5 11. e5 Ne8 12. Bg5 Bxg5 13.
Nxg5 g6 14. Qh3 h5 15. dxc5 Nxc5 16. Nf3 Ng7 17. Nd4 a6 18. b4 Nd7 19. Na4 Qc7
20. f4 Qc4 21. Qd3 Rfc8 22. Nb2 Qc3 23. Qxc3 Rxc3 24. Rf3 Rxf3 25. Nxf3 Rc8 26.
Nd4 b5 27. Kf2 Nb6 28. Ke2 Nc4 29. Nxc4 Rxc4 30. Kd3 Ne8 31. g3 Nc7 32. c3 Na8
33. a4 Nb6 34. axb5 axb5 35. Ra5 Na4 36. Nxb5 Nb6 37. Nd6 Rc7 38. Ra6 Nd7 39.
Ra8+ Kh7 40. Nxf7 Kg7 41. Ng5 Rb7 42. Nxe6+ Kf7 43. Nd8+ 1-0

[Event "Coupe 2000"]
[Site "?"]
[Date "2012.02.12"]
[Round "3.12"]
[White "Dicanot, David"]
[Black "Rousseau, Philippe"]
[Result "1/2-1/2"]
[WhiteElo "1937"]
[BlackElo "1910"]
[Annotator "Rivier,Sylvain"]
[PlyCount "89"]
[EventDate "2012.02.12"]
[SourceDate "2012.02.12"]

{Défense française, variante Tarrasch fermée} 1. e4 e6 2. d4 d5 3. Nd2 Nf6 4.
e5 Nfd7 5. f4 c5 6. c3 Nc6 7. Ne2 cxd4 8. cxd4 Nb6 9. a3 Bd7 10. Nf3 Be7 11. g3
Rc8 12. Bh3 f5 13. exf6 Bxf6 14. O-O O-O 15. Ne5 Bxe5 16. fxe5 Qe7 17. b3 Rxf1+
18. Bxf1 Rf8 19. Bg2 Be8 20. Be3 Bh5 21. Qd2 Bxe2 22. Qxe2 a6 23. Qd2 h6 24.
Qc2 Nd7 25. Qg6 Qe8 26. Qxe8 Rxe8 27. Bh3 g5 28. Kf2 Nf8 29. Bg4 Re7 30. Ke2
Na5 31. Rb1 Kg7 32. h4 Kg6 33. h5+ Kg7 34. Bd2 Nc6 35. Ke3 Re8 36. Be2 Nd7 37.
Rf1 Rf8 38. Rxf8 Kxf8 39. a4 Nb6 40. a5 Nc8 41. b4 N8a7 42. Bd3 Ne7 43. g4 Nb5
44. Bc1 Kg7 45. Bxb5 1/2-1/2

[Event "Coupe 2000"]
[Site "?"]
[Date "2012.02.12"]
[Round "3.13"]
[White "Le Bris, Louis"]
[Black "Feingold, Benno"]
[Result "1-0"]
[WhiteElo "1798"]
[BlackElo "1499"]
[Annotator "Rivier,Sylvain"]
[PlyCount "55"]
[EventDate "2012.02.12"]
[SourceDate "2012.02.12"]

{Partie italienne} 1. e4 e5 2. Nf3 Nc6 3. Bc4 h6 4. O-O Bc5 5. c3 Nf6 6. d4
exd4 7. e5 Ne4 8. cxd4 Bb6 9. d5 Na5 10. Bd3 Nc5 11. Bc2 O-O 12. b4 d6 13. bxc5
Bxc5 14. Qd3 g6 15. Bxh6 Re8 16. e6 Qf6 17. exf7+ Kxf7 18. Nbd2 Bf5 19. Qb5 b6
20. Bxf5 gxf5 21. Bg5 Qg6 22. Qd7+ Kg8 23. Rfe1 Bb4 24. Rxe8+ Rxe8 25. Be3 Qf6
26. Rf1 Re7 27. Qd8+ Kg7 28. Bg5 1-0

[Event "Coupe 2000"]
[Site "?"]
[Date "2012.02.12"]
[Round "3.14"]
[White "Strand, Hakan"]
[Black "Gurney, Samuel"]
[Result "1-0"]
[WhiteElo "1499"]
[BlackElo "1499"]
[Annotator "Rivier,Sylvain"]
[PlyCount "37"]
[EventDate "2012.02.12"]
[SourceDate "2012.02.12"]

{Gambit dame, système Ragozin} 1. Nf3 d5 2. d4 Nf6 3. Bf4 e6 4. c4 Bb4+ 5. Nc3
O-O 6. e3 c5 7. a3 Bxc3+ 8. bxc3 Qa5 9. Qb3 Ne4 10. Rc1 b6 11. Bd3 f5 12. O-O
Ba6 13. Rfd1 Rd8 14. Ne5 g5 15. Bxe4 Bxc4 16. Nxc4 dxc4 17. Qxc4 gxf4 18. Qxe6+
Kg7 19. Bxa8 1-0